00603nam a2200145 a 4500008004100000050001800041100001800059245006800077260005900145300001700204350000900221995008400230999001700314952012600331120416s1982 ||||||||||||||||| || u aHV 801.L5 Des aChan, Stephen10aDesign of training programmes for youthcedited by Stephen Chan aLusakabCommonwealth Youth programme Africa Centc1982 a120p. : ill. a0.00 D0.00FCBU-MAIN LIBRARY (Kitwe)H1I0.00UAVAILABLEZAnnex Low-Usage Collection  c39757d39757 00102lcc4070a001b001cAnnex Low-Usage Collection d2022-11-30l0oHV 801.L5 Desp008676r2022-11-30w2022-11-30y002